| 000 | 00919cam a2200277 a 4500 | ||
|---|---|---|---|
| 001 | 17245640 | ||
| 005 | 20180301050353.0 | ||
| 008 | 120406s2012 nyuab b 001 0 eng | ||
| 010 | _a 2012012503 | ||
| 020 | _a9781107673144 (Student's book with DVD) | ||
| 020 | _a9781107697843 (Class audio CDs) | ||
| 020 | _a9781107625471 (Teacher's manual) | ||
| 040 |
_aDLC _cDLC _dDLC |
||
| 041 | _aeng | ||
| 042 | _apcc | ||
| 080 | _a428.24 kim | ||
| 082 | 0 | 0 |
_a428.24 kim _223 |
| 100 | 1 | _a50 | |
| 101 | _asoc | ||
| 240 | 1 | 0 | _aAcademic listening encounters |
| 245 | 1 | 0 |
_aAcademic encounters, life in society, level 3 : _cKim Sanabria. |
| 504 | _aIncludes bibliographical references and index. | ||
| 906 |
_a7 _bcbc _corignew _d1 _eecip _f20 _gy-gencatlg |
||
| 942 |
_2ddc _cBK |
||
| 999 |
_c43809 _d43809 |
||